| 000 | 00986nac a22002171u 4500 | ||
|---|---|---|---|
| 020 | _a9981262889 | ||
| 082 |
_a297.05 _bSa329 |
||
| 090 |
_c3469 _d3469 |
||
| 100 | _aSalhab, Nasri. | ||
| 245 |
_aIslam As I Came To Know It ,Areligion Of Mercy And Peace / _cNasri Salhab; Translated By Ali Azeriah. |
||
| 260 |
_aMorocco: _bPublications Of The Islamic Educational, Scientific And Cultural Orgnization,C.2001. _cC.2001. |
||
| 300 |
_a147p; _c15cm. |
||
| 500 | _aDonations. | ||
| 500 | _aDonations - Bibliotheca Alexandrina. | ||
| 500 | _aTitle In English, Arabic and French. | ||
| 650 | _aIslam. | ||
| 700 | _aAzeriah, Ali. | ||
| 942 |
_cBB _k297.05 Sa329 |
||
| 999 |
_c3469 _d3469 |
||